000 00960cam a2200205 4500
001 WB3925-06
008 030702n2003 000 0 eng u
035 _a(Sirsi) u122860
245 _aDensity guide for capital homes
260 _c2003
490 _aPlanning (for the Natural and Built Environment)
_v(1525) 27 June 2003, 2(1)
520 _aThe Greater London Authority (GLA) has published a guide to help local authorities plan a programme of high-density house building in London to accommodate a projected population increase of 700 000 over the next 15 years. "Housing for a compact city" also includes best practice examples of high-density housing projects in Europe. The guide is available from GLA Publications priced £10, t +44 (0)20 7983 4323. GLA at www.london.gov.uk.
590 _aWB
650 _aHOUSING DENSITY
650 _aLONDON
650 _aPOPULATION GROWTH
650 _aHOUSE BUILDING
690 _aHOUSING
942 _n0
999 _c72981
_d72981